BIBLIOTECA PODER JUDICIAL
Portal Judicial TDF

Clasificación de las nulidades : (Registro nro. 2614)

000 -LEADER
fixed length control field 00771nam a22002177a 4500
003 - CONTROL NUMBER IDENTIFIER
control field OSt
005 - DATE AND TIME OF LATEST TRANSACTION
control field 20190417104357.0
008 - FIXED-LENGTH DATA ELEMENTS--GENERAL INFORMATION
fixed length control field 180312b xxu||||| |||| 00| 0 spa d
040 ## - CATALOGING SOURCE
Transcribing agency PJ
100 ## - ASIENTO PRINCIPAL - NOMBRE DE PERSONA
9 (RLIN) 3370
Personal name Gurfinkel de Wendy, Lilian N.
245 10 - MENCIÓN DE TÍTULO
Título propiamente dicho Clasificación de las nulidades :
Parte restante del título frente al art. 1051 del Código Civil /
Mención de responsabilidad, etc Lilian N. Gurfinkel de Wendy.
260 ## - PUBLICATION, DISTRIBUTION, ETC. (IMPRINT)
Place of publication, distribution, etc Buenos Aires :
Name of publisher, distributor, etc Depalma,
Date of publication, distribution, etc 1976.
300 ## - DESCRIPCION FISICA
Extent xxxii, 144 p.
Dimensions 23 cm.
500 ## - NOTA GENERAL
General note Notas y citas a pie de página.
504 ## - NOTA DE BIBLIOGRAFÍA, ETC.
Bibliography, etc Bibliografía: p. 143-144.
650 #0 - ASIENTO SECUNDARIO DE MATERIA - TERMINO TEMATICO
Topical term or geographic name as entry element DERECHO PROCESAL CIVIL
9 (RLIN) 1148
650 #0 - ASIENTO SECUNDARIO DE MATERIA - TERMINO TEMATICO
Topical term or geographic name as entry element ACTOS Y DILIGENCIAS PROCESALES
9 (RLIN) 2150
650 #0 - ASIENTO SECUNDARIO DE MATERIA - TERMINO TEMATICO
Topical term or geographic name as entry element NULIDAD PROCESAL
9 (RLIN) 2151
700 ## - ADDED ENTRY--PERSONAL NAME
9 (RLIN) 2281
Personal name Molinario, Alberto Domingo
Relator term prologuista
942 ## - ADDED ENTRY ELEMENTS (KOHA)
Source of classification or shelving scheme
Koha item type Libros
Classification part 347.959
Item part GUR
Existencias
Withdrawn status Lost status Source of classification or shelving scheme Damaged status Not for loan Permanent Location Current Location Date acquired Full call number Barcode Date last seen Price effective from Koha item type
          Biblioteca Poder Judicial Norte Biblioteca Poder Judicial Norte 2019-04-17 347.959 GUR RG 3746 2024-12-01 2019-04-17 Libros
          Biblioteca Poder Judicial Sur Biblioteca Poder Judicial Sur 2019-04-17 347.959 GUR 3059 2019-04-17 2019-04-17 Libros

12 de Octubre 789 Ushuaia - Tel:  54(02901)441571
Horario de Atención: 8.00 a 17.00 hs. 
bibliotecaush@justierradelfuego.gov.ar
koha@justierradelfuego.gov.ar
Seguinos en nuestras redes @bibliojustdf 

Con tecnología Koha